Zwycięzcy turniejów Masters 1000 w 2022 roku - Statystyki

Ogólne statystyki
  • Ten quiz został rozwiązany 5 razy
  • Średni wynik to 5 z 8
Statystyki odpowiedzi
Hint Odpowiedź % Poprawnych
Miami Carlos Alcaraz
100%
Madryt Carlos Alcaraz
100%
Rzym Novak Djokovic
100%
Paryż Holger Rune
40%
Monte Carlo Stefanos Tsitsipas
40%
Indian Wells Taylor Fritz
40%
Cincinnati Borna Coric
20%
Montreal Pablo-Carenno Busta
20%
Nie znaleziono quizów pasujących do podanych kryteriów
Rozkład punktacji
Procent ludzi z każdym wynikiem
Percentyl według liczby udzielonych odpowiedzi
Twoja historia wyników
Nie rozwiązałeś tego quizu